| 000 | 00824nam a2200229 a 4500 | ||
|---|---|---|---|
| 005 | 20210223130856.0 | ||
| 008 | 081110s2007 mx r 000 0 spa d | ||
| 020 | _a9707840595 | ||
| 035 | _aUPN01000167762 | ||
| 049 | _aI | ||
| 050 | 4 |
_aCR4509 _bW3.3 |
|
| 100 | 1 | _aWalker, Jane | |
| 245 | 1 | 0 |
_a100 cosas que debes saber sobre caballeros y castillos / _cJane Walker ; tr. Héctor Escalona. |
| 260 |
_aMéxico : _bSigno, _cc2007. |
||
| 300 |
_a48 p. : _bil. col. |
||
| 440 | 0 |
_a100 cosas que debes saber sobre .... _pClub de lectores |
|
| 534 |
_pTítulo original: _t100 Things you should know about knights & castles |
||
| 650 | 4 |
_aCABALLEROS Y CABALLERIA - _vLITERATURA INFANTIL _911231 |
|
| 650 | 4 |
_aEDAD MEDIA - _vLITERATURA INFANTIL _911232 |
|
| 650 | 4 |
_aCASTILLOS - _vLITERATURA INFANTIL _911230 |
|
| 905 | _aInfantil | ||
| 999 |
_c139873 _d139873 |
||